000 00431nam a2200157Ia 4500
008 210210b1989 xxu||||| |||| 00| 0 eng d
020 _a0 553 27926 2
082 _a032.02 GUIN
100 _aGUINNESS BOOK OF WORLD RECORDS 1989.
245 _aGuinnes book of world records 1989.
260 _aNew York.
_bBantam books
_c1989
300 _aix,694
650 _aGuinness Records
690 _aGeneral Knowledge
906 _a042450
999 _c92358
_d92358